Nuevo Testamento: edición pastoral católica
Gardado en:
| Formato: | Libro |
|---|---|
| Idioma: | Lingua castelá |
| Publicado: |
Santiago
San Pablo
2004
|
| Subjects: | |
| Tags: |
Engadir etiqueta
Sen Etiquetas, Sexa o primeiro en etiquetar este rexistro!
|
MARC
| LEADER | 00000cam a2200000 a 4500 | ||
|---|---|---|---|
| 001 | UCH5417 | ||
| 003 | CL-VaPUC | ||
| 008 | 091014e20040000CL |||||||||||||||||spa|d | ||
| 082 | 0 | 4 | |a 225 |b NUE |2 21 |
| 245 | 1 | 0 | |a Nuevo Testamento: edición pastoral católica |
| 300 | |a 572 p | ||
| 942 | |c BK | ||
| 945 | |d 20091014 00:00:00 |a lazolas | ||
| 260 | |a Santiago |b San Pablo |c 2004 | ||
| 500 | |a Traducido, presentado y comentado para las comunidades cristianas de Latinoamérica | ||
| 650 | 0 | |a Biblia |9 257603 | |
| 650 | 0 | |a Nuevo testamento |9 257604 | |
| 583 | |a last modification |c 20170527 22:39:09 |k Rodrigo Vera | ||
| 999 | |c 336560 |d 336558 | ||